Представление документа в формате RUSMARC

ПолеНазваниеЗначение
  Тип записи a
  Библиографический уровень m
001 Контрольный номер admiBOOK00020188
005 Дата корректировки 20140508173757.0
010 Индекс ISBN __
a ISBN 978-5-9916-2318-6
d Цена 390,00
100 Данные общей обработки __
a Данные общей обработки 19011224 |||y0 y0189 ca
101 Язык документа __
a Язык текста rus
105 Кодированные данные (монография) __
a Кодированные данные (монография) zy
200 Заглавие и сведения об ответственности 0_
a Заглавие Юридическая психология
e Сведения, относящиеся к заглавию Учебник для бакалавров
f Первые сведения об ответственности И.Н.Сорокотягин, Д.А.Сорокотягина
205 Сведения об издании __
a Основные сведения об издании 2-е изд., перераб. и доп.
b Дополнительные сведения об издании Рек. МО РФ
210 Выходные данные __
a Место издания М
c Издательство Издательство Юрайт
d Дата издания 2013
215 Физическое описание __
a Объем 456с.
225 Серия __
a Серия Бакалавр. Базовый курс
606 Тематические рубрики __
a Основная рубрика Психология
x Основная подрубрика Юридическая психология
610 Ключевые слова __
a Ключевые слова Юридическая психология
a Ключевые слова Криминальная психология
a Ключевые слова Психология профессиональной деятельности юриста
686 Индексы других классификаций __
a Классификационный индекс 88
700 Автор _1
a Фамилия Сорокотягин
b Имя И.Н.
852 Данные о местонахождении __
c Местонахождение стеллажа 88
j Шифр хранения 88
852 Данные о местонахождении __
b Сигла хранения ЧЗ_2
t Номер экземпляра 1
i Авторский знак С65
p Инвентарный номер 149685
901 Тип документа __
t Тип документа m
911 __
u 952a=Учебник
u 952p=2406
938 Служебная информация __
a Название организации Саранский филиал
b Имя БД OUTPUT.MRC_Саранск
c Название АИБС АИБС Библиотека